[Event "Neukoelln - Tegernsee"]
[Site "BL 0203"]
[Date "2003.03.29"]
[Round "14.7"]
[White "Kachiani-Gersinska, K."]
[Black "Thiede, Lars"]
[Result "0-1"]
[WhiteElo "2439"]
[BlackElo "2416"]
[PlyCount "64"]
[EventDate "2003.??.??"]

1. d4 g6 2. c4 Nf6 3. Nc3 Bg7 4. e4 d6 5. Be2 O-O 6. Bg5 c5 7. d5 h6 8. Bf4 a6
9. a4 e6 10. dxe6 Bxe6 11. Qd2 Nc6 12. Bxh6 Nd4 13. Rd1 Re8 14. Bxg7 Kxg7 15.
Bd3 b5 16. cxb5 Bb3 17. Rc1 d5 18. bxa6 dxe4 19. Bb5 Re5 20. Nge2 Qd6 21. Ng3
Rd8 22. Qf4 Ne6 23. Nf5+ gxf5 24. Qg3+ Kf8 25. O-O Nd4 26. h3 Ke7 27. Ne2 Bd5
28. Rfd1 Ba8 29. b4 Rd5 30. Nf4 Nf3+ 31. Qxf3 Rxd1+ 32. Rxd1 Qxd1+ 0-1

[Event "Neukoelln - Tegernsee"]
[Site "BL 0203"]
[Date "2003.03.29"]
[Round "14.8"]
[White "Rudolf, Henrik"]
[Black "Bromberger, Stefan"]
[Result "0-1"]
[WhiteElo "2348"]
[BlackElo "2414"]
[PlyCount "72"]
[EventDate "2003.??.??"]

1. e4 c5 2. Nf3 d6 3. d4 cxd4 4. Nxd4 Nf6 5. Nc3 a6 6. Bg5 e6 7. f4 Be7 8. Qf3
Nbd7 9. O-O-O Qc7 10. g4 b5 11. Bxf6 Nxf6 12. g5 Nd7 13. f5 Nc5 14. f6 gxf6 15.
gxf6 Bf8 16. Rg1 h5 17. a3 Nd7 18. e5 Bb7 19. Qh3 Nxe5 20. Rg7 Qd8 21. Nxe6
Qxf6 22. Nc7+ Kd8 23. Nxa8 Qxg7 24. Nb6 Qg4 25. Qe3 Qf3 26. Qe1 Ng4 27. Nbd5
Bh6+ 28. Kb1 Re8 29. Qh4+ f6 30. Nxf6 Nxf6 31. Rxd6+ Ke7 32. Qb4 Kf7 33. Bd3
Bf8 34. Qb3+ Kg7 35. Re6 Bd5 36. Nxd5 Rxe6 0-1

[Event "Kreuzberg - Forchheim"]
[Site "BL 0203"]
[Date "2003.03.29"]
[Round "14.1"]
[White "Prusikin, Mikhajlo"]
[Black "Socko, Bartosz"]
[Result "0-1"]
[WhiteElo "2504"]
[BlackElo "2569"]
[PlyCount "118"]
[EventDate "2003.??.??"]

1. d4 Nf6 2. c4 g6 3. Nc3 Bg7 4. e4 d6 5. Nf3 O-O 6. Be2 e5 7. Be3 Ng4 8. Bg5
f6 9. Bh4 g5 10. Bg3 Nh6 11. d5 f5 12. exf5 Nxf5 13. Nd2 Nd4 14. Nde4 g4 15. f3
gxf3 16. Bxf3 Nxf3+ 17. gxf3 Kh8 18. Qe2 Bf5 19. O-O-O Nd7 20. h4 Nf6 21. Kb1
Nh5 22. Ka1 a6 23. Bf2 Qd7 24. Rhg1 Nf4 25. Qd2 b5 26. c5 b4 27. Nb1 a5 28. Be3
Bg6 29. Rg5 Qh3 30. Rg3 Qxh4 31. Rdg1 Bh6 32. Rg4 Qh3 33. R4g3 Qh5 34. cxd6
cxd6 35. Nxd6 Rad8 36. Ne4 Rxd5 37. Qc2 Bg7 38. Rg4 Rdd8 39. Bb6 Rc8 40. Qd1
Rc6 41. Bxa5 b3 42. a3 Qf5 43. Nbd2 Ne6 44. Nxb3 Nd4 45. Nxd4 exd4 46. Bb4 Rb8
47. Rg5 Qf4 48. Rd5 Rbc8 49. Nc5 Bf7 50. Rd7 Qf6 51. Ra7 h5 52. f4 Rxc5 53.
Bxc5 Rxc5 54. Ra8+ Kh7 55. Ra7 Bg6 56. Re1 d3 57. Qb3 d2 58. Rd1 Rc1+ 59. Ka2
Bb1+ 0-1

[Event "Kreuzberg - Forchheim"]
[Site "BL 0203"]
[Date "2003.03.29"]
[Round "14.3"]
[White "Jirovsky, Milos"]
[Black "Lau, Ralf"]
[Result "1-0"]
[WhiteElo "2457"]
[BlackElo "2491"]
[PlyCount "103"]
[EventDate "2003.??.??"]

1. d4 g6 2. g3 d5 3. Bg2 Bg7 4. Nf3 e6 5. Nbd2 Nf6 6. O-O O-O 7. c4 b6 8. b4
Nbd7 9. Ba3 Re8 10. Rc1 Bb7 11. e3 c6 12. Rc2 Bf8 13. Qc1 a5 14. b5 c5 15. Rd1
Rc8 16. Bb2 Bg7 17. Ne5 Nxe5 18. dxe5 Ng4 19. cxd5 exd5 20. Nc4 Nxe5 21. Bxe5
Bxe5 22. Rcd2 Qf6 23. Bxd5 Bxd5 24. Rxd5 Bc7 25. Qc2 Qf3 26. R1d2 h5 27. Nd6
Bxd6 28. Rxd6 Qb7 29. Qc4 Qe4 30. Qxe4 Rxe4 31. Rxb6 Rb4 32. Rd7 c4 33. Rc6 Rb8
34. Rcc7 c3 35. Kg2 c2 36. Rxc2 R8xb5 37. Ra7 h4 38. a3 Ra4 39. Rc3 hxg3 40.
hxg3 Kg7 41. f4 g5 42. Kf3 gxf4 43. gxf4 Rb6 44. Re7 Rh6 45. Kg4 Rg6+ 46. Kf5
Rb6 47. Ke5 Kf8 48. Rcc7 f6+ 49. Kf5 Rxa3 50. Rh7 Kg8 51. Rhd7 Rb8 52. Kg6 1-0

[Event "Kreuzberg - Forchheim"]
[Site "BL 0203"]
[Date "2003.03.29"]
[Round "14.4"]
[White "Maiwald, Jens-Uwe"]
[Black "Heidrich, Manfred"]
[Result "1/2-1/2"]
[WhiteElo "2516"]
[BlackElo "2415"]
[PlyCount "86"]
[EventDate "2003.??.??"]

1. Nf3 f5 2. g3 Nf6 3. Bg2 g6 4. b3 Bg7 5. Bb2 d6 6. d4 O-O 7. O-O Qe8 8. Nbd2
Nc6 9. Nc4 e6 10. a4 a5 11. e3 Bd7 12. Re1 Rd8 13. Qe2 Ne4 14. Rad1 Qf7 15.
Nfd2 d5 16. Na3 e5 17. Nb5 Bc8 18. f3 Nxd2 19. Qxd2 exd4 20. exd4 f4 21. Qxf4
Qxf4 22. gxf4 Rxf4 23. c3 Rf7 24. Rd2 Bf5 25. Rde2 Bh6 26. Re8+ Rxe8 27. Rxe8+
Kg7 28. Ba3 Bc2 29. Bh3 Rxf3 30. Bg2 Be3+ 31. Kh1 Be4 32. Rxe4 dxe4 33. Bxf3
exf3 34. Nxc7 g5 35. Nd5 Bd2 36. Kg1 g4 37. Kf2 h5 38. Bd6 Kg6 39. Bf4 Bxf4 40.
Nxf4+ Kg5 41. Ne6+ Kh4 42. Nf4 Kg5 43. Ne6+ Kh4 1/2-1/2

[Event "Kreuzberg - Forchheim"]
[Site "BL 0203"]
[Date "2003.03.29"]
[Round "14.5"]
[White "Zwanzger, Johannes"]
[Black "Kalinitschew, Sergey"]
[Result "0-1"]
[WhiteElo "2268"]
[BlackElo "2485"]
[PlyCount "77"]
[EventDate "2003.??.??"]

1. e4 c5 2. Nf3 Nc6 3. Bb5 g6 4. O-O Bg7 5. Re1 Nf6 6. Nc3 O-O 7. h3 d6 8. d3
Bd7 9. a4 a6 10. Bc4 e6 11. Bf4 Qb8 12. Qd2 Rc8 13. e5 Nh5 14. exd6 Nd4 15. Ne5
Qxd6 16. Bh2 Qe7 17. Ne4 Be8 18. c3 Nc6 19. Ng4 Rd8 20. a5 Kh8 21. Ng5 Nf6 22.
Nxf6 Qxf6 23. Ne4 Qe7 24. Qe3 Bf8 25. Bb3 Rac8 26. Bf4 f6 27. Bg3 e5 28. f4 Bh6
29. Nxc5 exf4 30. Qxe7 Nxe7 31. Bf2 Nf5 32. Be6 Rb8 33. Bxf5 gxf5 34. Bd4 Rxd4
35. cxd4 Bc6 36. Re7 Rg8 37. Rae1 f3 38. Nd7 Bg5 39. d5 0-1

[Event "Kreuzberg - Forchheim"]
[Site "BL 0203"]
[Date "2003.03.29"]
[Round "14.6"]
[White "Volke, Karsten"]
[Black "Doeres, Hans-Juergen"]
[Result "1/2-1/2"]
[WhiteElo "2457"]
[BlackElo "2271"]
[PlyCount "94"]
[EventDate "2003.??.??"]

1. c4 e5 2. g3 g6 3. Bg2 Bg7 4. Nc3 Nc6 5. d3 f5 6. e4 Nge7 7. Nge2 O-O 8. O-O
d6 9. Nd5 h6 10. Nxe7+ Qxe7 11. Be3 Be6 12. Qd2 Kh7 13. Rae1 fxe4 14. Bxe4 Bh3
15. Bg2 Bxg2 16. Kxg2 Rf7 17. f3 Qd7 18. d4 exd4 19. Bxd4 Nxd4 20. Nxd4 Re8 21.
Rxe8 Qxe8 22. Re1 Re7 23. Rxe7 Qxe7 24. Ne2 Qe5 25. b3 Qb2 26. Qxb2 Bxb2 27. f4
Kg7 28. Kf3 Kf6 29. Ke4 c6 30. g4 Ke6 31. Ng3 Kf6 32. h4 Bc3 33. g5+ hxg5 34.
hxg5+ Ke6 35. f5+ gxf5+ 36. Nxf5 Bb2 37. g6 d5+ 38. cxd5+ cxd5+ 39. Kf4 Kf6 40.
g7 Be5+ 41. Ke3 Kf7 42. Kd3 Bxg7 43. Nd6+ Ke6 44. Nxb7 Kd7 45. Nc5+ Kd6 46. Na4
Kc6 47. Nc3 Kc5 1/2-1/2

[Event "Kreuzberg - Forchheim"]
[Site "BL 0203"]
[Date "2003.03.29"]
[Round "14.7"]
[White "Bade, Joern"]
[Black "Muse, Drazen"]
[Result "1/2-1/2"]
[WhiteElo "2267"]
[BlackElo "2442"]
[PlyCount "75"]
[EventDate "2003.??.??"]

1. e4 Nc6 2. Nf3 g6 3. d4 Bg7 4. Bc4 d6 5. c3 Nf6 6. Qe2 e5 7. dxe5 dxe5 8. b4
O-O 9. O-O Nh5 10. Rd1 Qe8 11. b5 Ne7 12. a4 Kh8 13. Ng5 h6 14. Bxf7 Rxf7 15.
Rd8 Rf8 16. Rxe8 Rxe8 17. Nf3 Be6 18. Na3 Rad8 19. Nc2 Nc8 20. Be3 Nd6 21. Nd2
Nf4 22. Bxf4 exf4 23. Nd4 Bf7 24. f3 Nxe4 25. Nxe4 Rxd4 26. Qf2 Rc4 27. Qh4 Bd5
28. Qxf4 Rf8 29. Qg3 g5 30. Rc1 Rf4 31. Qh3 Bxe4 32. fxe4 g4 33. Qd3 Rfxe4 34.
a5 Red4 35. Qe3 Re4 36. Qd3 Red4 37. Qe3 Re4 38. Qd3 1/2-1/2

[Event "Kreuzberg - Forchheim"]
[Site "BL 0203"]
[Date "2003.03.29"]
[Round "14.8"]
[White "Loeffler, Stefan"]
[Black "Burggraf, Michael"]
[Result "1-0"]
[WhiteElo "2398"]
[BlackElo "2054"]
[PlyCount "81"]
[EventDate "2003.??.??"]

1. Nf3 d5 2. c4 c6 3. e3 Nf6 4. d4 g6 5. Nc3 Bg7 6. h3 O-O 7. Bd3 dxc4 8. Bxc4
b5 9. Bd3 a6 10. Rb1 Nbd7 11. b4 Re8 12. Bb2 Nd5 13. Qb3 Nxc3 14. Bxc3 e5 15.
Qc2 exd4 16. Bxd4 Bxd4 17. Nxd4 Ne5 18. Be4 Bd7 19. O-O Rc8 20. Nb3 Nc4 21.
Rbd1 Qe7 22. Bd3 Qxb4 23. Bxc4 bxc4 24. Rxd7 cxb3 25. axb3 c5 26. Ra1 c4 27.
bxc4 Rxc4 28. Qd1 Re6 29. Rb1 Qc5 30. Qf3 Re7 31. Qa8+ Kg7 32. Rxe7 Qxe7 33.
Qxa6 Qc7 34. Qa1+ Kh6 35. Rd1 Rc2 36. g3 Qc6 37. Qh8 Qf3 38. Qf8+ Kh5 39. Rf1
f5 40. Qg7 Rd2 41. Qxh7+ 1-0

[Event "Emsdetten - Hamburg"]
[Site "BL 0203"]
[Date "2003.03.29"]
[Round "14.1"]
[White "Ftacnik, Lubomir"]
[Black "Berelovic, Alexander"]
[Result "1/2-1/2"]
[WhiteElo "2603"]
[BlackElo "2541"]
[PlyCount "99"]
[EventDate "2003.03.29"]

1. d4 e6 2. Nf3 d5 3. c4 c5 4. cxd5 exd5 5. g3 Nc6 6. Bg2 Nf6 7. O-O Be7 8. Nc3
O-O 9. dxc5 Bxc5 10. Bg5 d4 11. Bxf6 Qxf6 12. Nd5 Qd8 13. Nd2 Re8 14. Rc1 Bb6
15. Nc4 Bg4 16. Re1 Bc5 17. a3 a6 18. Qd2 Rc8 19. b4 Ba7 20. a4 Be6 21. Nf4
Bxc4 22. Rxc4 Ne5 23. Rxc8 Qxc8 24. Rc1 Qd7 25. Qc2 Bb8 26. h3 b5 27. axb5 axb5
28. Nd5 Nc4 29. Rd1 Be5 30. e3 Qa7 31. exd4 Bxd4 32. Bf1 h6 33. Bxc4 bxc4 34.
Qxc4 Bxf2+ 35. Kg2 Bb6 36. Rf1 Qb7 37. Kh2 Re6 38. Rc1 Bd8 39. b5 Qd7 40. Rd1
Qe8 41. Nf4 Re1 42. Rxe1 Qxe1 43. Qe2 Qxe2+ 44. Nxe2 Kf8 45. Nd4 h5 46. Kg2 g6
47. Kf3 Bc7 48. Nc6 Ke8 49. g4 hxg4+ 50. hxg4 1/2-1/2

[Event "Emsdetten - Hamburg"]
[Site "BL 0203"]
[Date "2003.03.29"]
[Round "14.2"]
[White "Cramling, Pia"]
[Black "Kempinski, Robert"]
[Result "1/2-1/2"]
[WhiteElo "2508"]
[BlackElo "2532"]
[PlyCount "74"]
[EventDate "2003.03.29"]

1. d4 Nf6 2. c4 g6 3. Nc3 Bg7 4. e4 O-O 5. Nf3 c6 6. h3 d5 7. e5 Ne4 8. Bd3
Nxc3 9. bxc3 dxc4 10. Bxc4 c5 11. O-O Nc6 12. a4 cxd4 13. cxd4 Bf5 14. Re1 Rc8
15. Ba3 Na5 16. Bd3 Be6 17. Rb1 Bd5 18. Be4 Bxe4 19. Rxe4 Nc4 20. Qb3 Nxa3 21.
Qxa3 e6 22. Re3 b6 23. a5 bxa5 24. Reb3 Re8 25. Rb5 Bf8 26. Qxa5 Qxa5 27. Rxa5
Rc7 28. g4 Rd8 29. Kg2 Be7 30. Kg3 g5 31. Rb3 Kg7 32. Ra4 Rd5 33. Ra6 Rdd7 34.
Rd3 Rc1 35. Rb3 Rdc7 36. Rd3 h6 37. h4 gxh4+ 1/2-1/2

[Event "Emsdetten - Hamburg"]
[Site "BL 0203"]
[Date "2003.03.29"]
[Round "14.3"]
[White "Gustaffson, Jan"]
[Black "Pedersen, Nicolai"]
[Result "1/2-1/2"]
[WhiteElo "2554"]
[BlackElo "2495"]
[PlyCount "34"]
[EventDate "2003.03.29"]

1. d4 Nf6 2. c4 e6 3. Nc3 Bb4 4. Qc2 O-O 5. a3 Bxc3+ 6. Qxc3 b6 7. Bg5 Bb7 8.
e3 d6 9. Ne2 Nbd7 10. Qd3 h6 11. Bh4 c5 12. Nc3 d5 13. cxd5 exd5 14. Rd1 Re8
15. Be2 a6 16. dxc5 bxc5 17. O-O Qb6 1/2-1/2

[Event "Emsdetten - Hamburg"]
[Site "BL 0203"]
[Date "2003.03.29"]
[Round "14.4"]
[White "Peng, Zhao Qin"]
[Black "Berg, Emanuel"]
[Result "0-1"]
[WhiteElo "2443"]
[BlackElo "2535"]
[PlyCount "70"]
[EventDate "2003.03.29"]

1. d4 Nf6 2. Nf3 e6 3. g3 b5 4. Bg2 Bb7 5. O-O Be7 6. Bg5 O-O 7. Qd3 Be4 8. Qe3
Bc6 9. Bxf6 Bxf6 10. Nbd2 d6 11. Qd3 Re8 12. c3 Nd7 13. e4 Rb8 14. b4 Nb6 15.
Rfe1 Na4 16. Qc2 Qd7 17. Nb3 Ba8 18. Rad1 Qc6 19. Rc1 Rec8 20. a3 Qd7 21. Rcd1
Qe8 22. Na5 c5 23. e5 Bd8 24. exd6 cxb4 25. d5 Rxc3 26. Qe4 Rxf3 27. Nc6 Rf6
28. Nxb8 Bb6 29. Nc6 Rxf2 30. Kh1 Nc3 31. Ne7+ Kh8 32. Qxb4 Nxd1 33. Rxd1 exd5
34. Rc1 d4 35. Rc8 Rf1# 0-1

[Event "Emsdetten - Hamburg"]
[Site "BL 0203"]
[Date "2003.03.29"]
[Round "14.5"]
[White "Hansen, Sune Berg"]
[Black "Zumsande, Martin"]
[Result "1-0"]
[WhiteElo "2555"]
[BlackElo "2374"]
[PlyCount "87"]
[EventDate "2003.03.29"]

1. e4 e6 2. d4 d5 3. Nd2 Nf6 4. e5 Nfd7 5. c3 c5 6. Bd3 Nc6 7. Ne2 cxd4 8. cxd4
f6 9. exf6 Qxf6 10. Nf3 h6 11. Bb1 Bd6 12. Qd3 Nf8 13. a3 g5 14. h3 Bd7 15. Be3
Rg8 16. Nc3 Rc8 17. Qe2 Ng6 18. g3 Kf7 19. Bc2 Kg7 20. O-O-O Na5 21. h4 Bxa3
22. hxg5 Qe7 23. gxh6+ Kh8 24. Bg5 Qf8 25. Ne5 Rxc3 26. h7 Rg7 27. Nxg6+ Rxg6
28. Qe5+ Rg7 29. Bf6 Bxb2+ 30. Kb1 Rc8 31. Bxg7+ Qxg7 32. Qxg7+ Kxg7 33. h8=Q+
Rxh8 34. Rxh8 Kxh8 35. Kxb2 Nc4+ 36. Kc3 Kg7 37. Rh1 Bc6 38. Rh7+ Kg8 39. Re7
a5 40. Rxe6 Kf7 41. Rh6 a4 42. g4 a3 43. Bb3 Kg7 44. g5 1-0

[Event "Emsdetten - Hamburg"]
[Site "BL 0203"]
[Date "2003.03.29"]
[Round "14.6"]
[White "Richter, Christian"]
[Black "Wahls, Matthias"]
[Result "0-1"]
[WhiteElo "2333"]
[BlackElo "2539"]
[PlyCount "106"]
[EventDate "2003.03.29"]

1. d4 Nf6 2. c4 e6 3. Nf3 b6 4. g3 Ba6 5. Qa4 Bb7 6. Bg2 c5 7. dxc5 Bxc5 8. Nc3
O-O 9. O-O Be7 10. Bf4 a6 11. Rfd1 d6 12. Rd2 Qc7 13. Rc1 Rd8 14. Qd1 Ne8 15.
e4 Nd7 16. Qe2 Rac8 17. b3 Qb8 18. Rdd1 h6 19. Ne1 Bf6 20. Nb1 Ne5 21. Be3 Ba8
22. Nc3 Nd7 23. Qd2 Nc5 24. b4 Nd7 25. Na4 b5 26. cxb5 axb5 27. Nb2 Bb7 28.
Nbd3 Qa8 29. f3 d5 30. exd5 Bxd5 31. Rxc8 Rxc8 32. Nf4 Bxa2 33. Ned3 Bc3 34.
Qf2 Bc4 35. Ne2 Bf6 36. Nd4 Qa3 37. Bf1 Nc7 38. Qe1 Qa6 39. Bf2 Nd5 40. Kg2 Kh8
41. Ra1 Qd6 42. Rd1 Qf8 43. Rc1 Bg5 44. Ra1 Bf6 45. Rc1 Qe8 46. Kg1 g6 47. Qd2
Bg7 48. Qc2 Ra8 49. Nb3 Ra3 50. Nbc5 Nxc5 51. Bxc5 Qa8 52. Qd2 Kh7 53. Be2 Nc3
0-1

[Event "Emsdetten - Hamburg"]
[Site "BL 0203"]
[Date "2003.03.29"]
[Round "14.7"]
[White "Bezold, Michael"]
[Black "Van Delft, Merijn"]
[Result "1-0"]
[WhiteElo "2468"]
[BlackElo "2341"]
[PlyCount "82"]
[EventDate "2003.03.29"]

1. g3 Nf6 2. Bg2 d5 3. Nf3 c6 4. b3 Bf5 5. Bb2 e6 6. d3 h6 7. Nbd2 Bc5 8. O-O
O-O 9. Qb1 a5 10. a3 Nbd7 11. b4 axb4 12. axb4 Rxa1 13. Bxa1 Be7 14. c4 Bh7 15.
Bc3 Re8 16. e4 dxe4 17. dxe4 Bf8 18. Re1 Qc7 19. Qa1 Rd8 20. Qa7 Ng4 21. Qa1
Qb6 22. c5 Nxc5 23. bxc5 Bxc5 24. Ba5 Bxf2+ 25. Kh1 Qc5 26. Bxd8 Bg6 27. Rc1
Qh5 28. Qa5 e5 29. Bb6 Bxg3 30. Bg1 Kh7 31. Qd8 Bf4 32. Ra1 f6 33. Ra8 Bf7 34.
Qd7 b5 35. Ra7 Kg8 36. Ra8+ Kh7 37. Ra7 Kg8 38. Qxc6 b4 39. Rb7 b3 40. Qc8+ Kh7
41. Qf8 Qxh2+ 1-0

[Event "Emsdetten - Hamburg"]
[Site "BL 0203"]
[Date "2003.03.29"]
[Round "14.8"]
[White "Van Beek, Lucien"]
[Black "Heinemann, Thies"]
[Result "0-1"]
[WhiteElo "2341"]
[BlackElo "2437"]
[PlyCount "106"]
[EventDate "2003.03.29"]

1. d4 Nf6 2. c4 c5 3. d5 b5 4. cxb5 a6 5. bxa6 g6 6. Nc3 Bxa6 7. g3 d6 8. Bg2
Bg7 9. Nf3 O-O 10. Rb1 Nbd7 11. O-O Qa5 12. Bd2 Rfb8 13. Qc2 Qc7 14. b3 Nb6 15.
Ng5 h6 16. Nh3 Bb7 17. e4 Ba6 18. Rfd1 Ng4 19. Bf1 Ne5 20. Kg2 Qc8 21. f4 Ng4
22. Nf2 Nxf2 23. Kxf2 Bxf1 24. Rxf1 Qh3 25. Kg1 Nd7 26. Nd1 Nf6 27. Bc3 Ng4 28.
Bxg7 Kxg7 29. Rb2 Rb4 30. Qe2 h5 31. Qf3 h4 32. Ne3 Nxe3 33. Qxe3 hxg3 34. hxg3
Rh8 35. Qf3 Rd4 36. Re2 c4 37. bxc4 Rxc4 38. f5 f6 39. fxg6 Rh6 40. Qg2 Qg4 41.
Rf4 Rc1+ 42. Kf2 Qc8 43. Rh4 Qc5+ 44. Kf3 Rc3+ 45. Kg4 Qc8+ 46. Kf4 e5+ 47.
dxe6 Qxe6 48. Re3 Rxh4+ 49. gxh4 Qe5+ 50. Kf3 Qh5+ 51. Kf2 Rc2+ 52. Kg1 Rxg2+
53. Kxg2 Qg4+ 0-1

[Event "Bremen - Luebeck"]
[Site "BL 0203"]
[Date "2003.03.29"]
[Round "14.2"]
[White "Babula, Vlastimil"]
[Black "Lautier, Joel"]
[Result "1/2-1/2"]
[WhiteElo "2590"]
[BlackElo "2665"]
[PlyCount "159"]
[EventDate "2003.03.29"]

1. d4 d5 2. c4 c6 3. Nf3 Nf6 4. Nc3 dxc4 5. a4 Bf5 6. Ne5 Nbd7 7. Nxc4 Qc7 8.
g3 e5 9. dxe5 Nxe5 10. Bf4 Nfd7 11. Bg2 g5 12. Ne3 gxf4 13. Nxf5 O-O-O 14. O-O
Nc5 15. Qc2 Ne6 16. a5 a6 17. Ra4 fxg3 18. hxg3 h5 19. Rd1 Kb8 20. Rxd8+ Qxd8
21. Ne4 Ng6 22. Qd2 Qxd2 23. Nxd2 Bc5 24. e3 Rd8 25. Nc4 Rd1+ 26. Bf1 Rd5 27.
Nh6 Nd8 28. Be2 Bf8 29. e4 Rd4 30. Nf5 Rxe4 31. Bxh5 Ne5 32. Nfe3 Ne6 33. Nb6
Rxa4 34. Nxa4 f6 35. Nb6 Bb4 36. Nbc4 Nxc4 37. Nxc4 Nd4 38. Bd1 Kc7 39. Kg2 Nf5
40. Kf3 Nd6 41. Be2 Nxc4 42. Bxc4 Kd6 43. g4 Bxa5 44. Ke4 b5 45. Bf7 Bd2 46.
Kd3 Bf4 47. Be8 Kc5 48. Bd7 Kb4 49. Kc2 c5 50. Bc8 a5 51. Bd7 Be5 52. f3 a4 53.
Be8 c4 54. Bd7 Bf4 55. Be8 Bd6 56. Bd7 a3 57. bxa3+ Ka4 58. Kc3 Bxa3 59. Be6
Bb4+ 60. Kd4 Kb3 61. f4 Bf8 62. g5 fxg5 63. fxg5 Kb4 64. Bg4 Bg7+ 65. Kd5 c3
66. Bd1 Bh8 67. g6 Bg7 68. Bc2 Bh8 69. Bd1 Bf6 70. Bc2 Bg7 71. Bd1 Bf8 72. Kd4
Bg7+ 73. Kd5 Bf6 74. Bc2 Ka3 75. Kc5 b4 76. Kc4 Bg7 77. Bd1 Bf8 78. Bb3 Kb2 79.
g7 Bxg7 80. Kxb4 1/2-1/2

[Event "Bremen - Luebeck"]
[Site "BL 0203"]
[Date "2003.03.29"]
[Round "14.3"]
[White "Fressinet, Laurent"]
[Black "Schandorff, Lars"]
[Result "1-0"]
[WhiteElo "2619"]
[BlackElo "2546"]
[PlyCount "93"]
[EventDate "2003.03.29"]

1. e4 c6 2. d4 d5 3. Nc3 dxe4 4. Nxe4 Nd7 5. Ng5 Ngf6 6. Bd3 e6 7. N1f3 Bd6 8.
Qe2 h6 9. Ne4 Nxe4 10. Qxe4 Qc7 11. Qg4 Kf8 12. O-O c5 13. b3 e5 14. dxc5 Nxc5
15. Bf5 h5 16. Qh3 Ne6 17. Re1 Bd7 18. Qh4 Rd8 19. Be3 f6 20. Rad1 g5 21. Qe4
Kg7 22. Nd2 Bc6 23. Qc4 b5 24. Qf1 Nc5 25. Nb1 Be7 26. Qe2 a6 27. Rxd8 Qxd8 28.
Nc3 Qa8 29. Rd1 b4 30. Qc4 Nxb3 31. Be4 bxc3 32. Rd7 Re8 33. Qxc6 Qxc6 34. Bxc6
Na5 35. Bd5 Kf8 36. g4 Rd8 37. Rxd8+ Bxd8 38. gxh5 Kg7 39. h4 Kh6 40. hxg5+
fxg5 41. Kg2 e4 42. Bd4 Kxh5 43. Bxc3 Kg4 44. Bxe4 Nc4 45. Bd3 Na3 46. Bb2 Be7
47. Bd4 1-0

[Event "Bremen - Luebeck"]
[Site "BL 0203"]
[Date "2003.03.29"]
[Round "14.7"]
[White "Hector, Jonny"]
[Black "Meins, Gerlef"]
[Result "1/2-1/2"]
[WhiteElo "2590"]
[BlackElo "2436"]
[PlyCount "65"]
[EventDate "2003.03.29"]

1. e4 c5 2. Nf3 Nc6 3. Nc3 d6 4. d4 cxd4 5. Nxd4 Nf6 6. f4 e5 7. Nf3 Be7 8. f5
g6 9. fxg6 hxg6 10. Bc4 Bg4 11. Bg5 Nd4 12. O-O Qb6 13. Kh1 Bxf3 14. gxf3 Qxb2
15. Nb5 Nxb5 16. Rb1 Nc3 17. Rxb2 Nxd1 18. Rxd1 b6 19. a4 Rc8 20. Bb5+ Kf8 21.
c4 Rc7 22. a5 Nd7 23. axb6 axb6 24. Bxe7+ Kxe7 25. Rbd2 Nc5 26. Rxd6 Rb8 27.
Kg2 Ne6 28. Rd7+ Rxd7 29. Rxd7+ Kf6 30. Rd6 Ke7 31. Rd7+ Kf6 32. Rd6 Ke7 33.
Rd7+ 1/2-1/2

[Event "Bremen - Luebeck"]
[Site "BL 0203"]
[Date "2003.03.29"]
[Round "14.8"]
[White "Heissler, Jakob"]
[Black "DeFirmian, Nick"]
[Result "0-1"]
[WhiteElo "2455"]
[BlackElo "2534"]
[PlyCount "142"]
[EventDate "2003.03.29"]

1. e4 c5 2. Nf3 d6 3. d4 cxd4 4. Nxd4 Nf6 5. Nc3 a6 6. Be2 e5 7. Nf3 Be7 8. O-O
O-O 9. Bg5 Be6 10. Bxf6 Bxf6 11. Nd5 Nd7 12. c3 Rc8 13. Qd3 Bxd5 14. Qxd5 Qb6
15. Rab1 Be7 16. Nd2 Nf6 17. Qd3 Rfd8 18. Bf3 Qc6 19. Rfd1 Rd7 20. a3 Bd8 21.
Nf1 Bb6 22. Ne3 Bxe3 23. Qxe3 h6 24. Rd2 Kf8 25. Rbd1 Ke7 26. g3 Qc5 27. Qe2
Rc6 28. Bg2 b5 29. Ra1 a5 30. Bf1 Rb7 31. Qf3 Qb6 32. Qe2 Rc4 33. Bg2 Rbc7 34.
Rad1 R7c6 35. Rd3 b4 36. axb4 axb4 37. cxb4 Qxb4 38. Rc3 Rxc3 39. bxc3 Rxc3 40.
Qa6 Qc5 41. Qb7+ Qc7 42. Qa8 g6 43. Bf1 Qb6 44. Ra1 Rc7 45. Ra6 Qb1 46. Ra7
Rxa7 47. Qxa7+ Kf8 48. f3 Kg7 49. Qc7 Qb4 50. Kg2 Qc5 51. Qb7 Qc2+ 52. Kg1 g5
53. g4 Qc5+ 54. Kg2 Qc2+ 55. Kg1 d5 56. exd5 Qc5+ 57. Kh1 Nxd5 58. Qb2 Nf4 59.
Qd2 Qa3 60. Be2 Qa1+ 61. Bd1 Qd4 62. Qxd4 exd4 63. Kg1 Kf6 64. Bb3 Ke7 65. Kf2
f6 66. Ke1 Kd6 67. Kd2 Ke5 68. Bf7 Ng2 69. Bg6 Nh4 70. Be4 Kf4 71. Ke2 d3+ 0-1

[Event "Baden Oos - Porz"]
[Site "BL 0203"]
[Date "2003.03.29"]
[Round "14.1"]
[White "Lutz, Christopher"]
[Black "Anand, Viswanathan"]
[Result "0-1"]
[WhiteElo "2645"]
[BlackElo "2755"]
[PlyCount "120"]
[EventDate "2003.??.??"]

1. e4 c5 2. Nf3 d6 3. d4 cxd4 4. Nxd4 Nf6 5. Nc3 a6 6. Be3 e6 7. f3 b5 8. g4 b4
9. Nce2 h6 10. Ng3 e5 11. Nb3 Be6 12. Bd3 Nbd7 13. Qe2 a5 14. h4 Qc7 15. Nd2 a4
16. Nc4 Nc5 17. Bd2 Rb8 18. b3 d5 19. exd5 Nxd5 20. Bf5 g6 21. Bxe6 Nxe6 22. h5
Bg7 23. hxg6 fxg6 24. Qe4 Ndf4 25. Bxf4 Nxf4 26. O-O-O O-O 27. Rd2 axb3 28.
cxb3 Rbd8 29. Rhd1 Rd4 30. Qc2 Rfd8 31. Kb1 Qf7 32. Ne4 Ne6 33. Rf1 Qf4 34.
Rxd4 exd4 35. Nb2 d3 36. Nxd3 Qe3 37. Rd1 Qxf3 38. Ndf2 Nd4 39. Qc7 Qf8 40.
Qc4+ Kh8 41. Qa6 Rc8 42. Rc1 Ra8 43. Qc4 Qb8 44. Ng5 Qa7 45. a4 bxa3 46. Ka2
Rf8 47. Nfe4 Qe7 48. Rh1 Qd7 49. Rd1 Qxg4 50. Rxd4 hxg5 51. Rd2 Qg1 52. Nc3 Kh7
53. Qc7 Kg8 54. Qc4+ Kh8 55. Rd1 Qg2+ 56. Ne2 Re8 57. Re1 Kh7 58. Qd3 g4 59.
Qd1 Bf6 60. b4 Re7 0-1

[Event "Baden Oos - Porz"]
[Site "BL 0203"]
[Date "2003.03.29"]
[Round "14.2"]
[White "Svidler, Peter"]
[Black "Sokolov, Ivan"]
[Result "1/2-1/2"]
[WhiteElo "2690"]
[BlackElo "2684"]
[PlyCount "84"]
[EventDate "2003.??.??"]

1. e4 e5 2. Nf3 Nc6 3. Bb5 a6 4. Ba4 Nf6 5. O-O Be7 6. Re1 b5 7. Bb3 d6 8. c3
O-O 9. h3 Nb8 10. d4 Nbd7 11. Nbd2 Bb7 12. Bc2 c5 13. Nf1 Re8 14. d5 g6 15. b3
Nb6 16. Ne3 Bc8 17. a4 Bd7 18. a5 Nc8 19. b4 c4 20. g4 h5 21. Nh2 hxg4 22. hxg4
Nh7 23. Kg2 Bg5 24. Rh1 Qf6 25. Bd2 Ne7 26. Qe2 Kg7 27. Rag1 Rh8 28. Kf1 Bf4
29. Nf5+ gxf5 30. gxf5+ Kf8 31. Ng4 Qg7 32. Rh6 f6 33. Bxf4 exf4 34. e5 dxe5
35. d6 Nxf5 36. Nxe5 Qxh6 37. Nxd7+ Kf7 38. Bxf5 Rae8 39. Qf3 Ng5 40. Qb7 Qh5
41. Bg4 Qh7 42. Ne5+ Kf8 1/2-1/2

[Event "Baden Oos - Porz"]
[Site "BL 0203"]
[Date "2003.03.29"]
[Round "14.3"]
[White "Andersson, Ulf"]
[Black "Dautov, Rustem"]
[Result "1/2-1/2"]
[WhiteElo "2599"]
[BlackElo "2617"]
[PlyCount "47"]
[EventDate "2003.??.??"]

1. Nf3 Nf6 2. c4 c6 3. d4 d5 4. cxd5 cxd5 5. Nc3 Nc6 6. Bf4 a6 7. Rc1 Bf5 8. e3
Rc8 9. Be2 e6 10. O-O Bd6 11. Bxd6 Qxd6 12. Na4 O-O 13. Nc5 Rc7 14. h3 Nd7 15.
Qb3 Rb8 16. Nxd7 Qxd7 17. Rc3 Rbc8 18. Rfc1 Ne7 19. Ne5 Rxc3 20. Rxc3 Rxc3 21.
Qxc3 Qd8 22. b4 Be4 23. b5 a5 24. Bd3 1/2-1/2

[Event "Baden Oos - Porz"]
[Site "BL 0203"]
[Date "2003.03.29"]
[Round "14.4"]
[White "Huebner, Robert Dr"]
[Black "Vaganian, Rafael A"]
[Result "0-1"]
[WhiteElo "2640"]
[BlackElo "2667"]
[PlyCount "116"]
[EventDate "2003.??.??"]

1. d4 d5 2. c4 e6 3. Nc3 Be7 4. Bf4 Nf6 5. e3 O-O 6. Nf3 Nbd7 7. Be2 dxc4 8.
Bxc4 Nb6 9. Bd3 Nbd5 10. Be5 b6 11. O-O Nxc3 12. bxc3 Bb7 13. a4 Bd6 14. Bxd6
cxd6 15. a5 bxa5 16. Qa4 Rc8 17. Rfc1 e5 18. Be2 Nd5 19. c4 Nb6 20. Qxa5 Bxf3
21. Bxf3 exd4 22. exd4 Nxc4 23. Qxd8 Rfxd8 24. Rxa7 Nd2 25. Rca1 Nxf3+ 26. gxf3
g6 27. Rb7 Ra8 28. Rc1 Ra5 29. Rcc7 Rf5 30. Rd7 Rxd7 31. Rxd7 Rd5 32. f4 Kg7
33. Kg2 Kf6 34. Kf3 Rxd4 35. h4 Ke6 36. Ra7 Rd3+ 37. Kg2 Rd5 38. Kg3 h5 39. f3
Rc5 40. Ra6 Rb5 41. Kf2 Rb2+ 42. Kg3 Rd2 43. Rb6 Ra2 44. Rb1 Ra4 45. Rb6 Rc4
46. Ra6 Kd7 47. Ra7+ Rc7 48. Ra5 Ke6 49. Rb5 Ra7 50. Rb1 Ra6 51. Re1+ Kf6 52.
Rd1 Rc6 53. Rd2 Kg7 54. Rd1 f6 55. f5 g5 56. Re1 Rc3 57. Re7+ Kf8 58. Rh7 g4
0-1